000 00216nam a22000857a 4500
008 161207b xxu||||| |||| 00| 0 eng d
100 _91878
_aWhalin. T
245 _aNever too Busy
260 _aAmerica
_bgipson standard
_c1993
999 _c4628
_d4628